000
00335nam a22001577a 4500
003
SGT
020
_a
978-81-312-4989-5
082
_a
615.01
_b
R14D
100
_a
DALE,M.M
245
_a
RANG & DALE'S PHARMACOLOGY
250
_a
1ST
260
_a
LONDON
_b
ELSEVIER
_c
2014
300
_a
39.04
650
_a
AYURVEDA
942
_2
ddc
_c
BK
_0
1
999
_c
16525
_d
16525